[Event "3rd Poland-Ukraine Academic Match"]
[Site "Katowice, POL"]
[Date "2014.10.09"]
[Round "3.2"]
[White "Kowalczyk, Rafal"]
[Black "Razin, Vadim"]
[Result "0-1"]
[WhiteElo "2178"]
[BlackElo "2309"]
[PlyCount "110"]
[EventDate "2014.10.07"]
[EventType "match"]
[EventRounds "4"]
[EventCountry "POL"]

1. d4 d5 2. c4 dxc4 3. e4 c5 4. d5 Nf6 5. Nc3 e6 6. Bxc4 exd5 7. Nxd5 Nxd5 8.
Bxd5 Bd6 9. Nf3 O-O 10. O-O Qc7 11. Be3 Bg4 12. h3 Bxf3 13. Qxf3 Nd7 14. Rfd1
Be5 15. Rac1 Rac8 16. Qe2 b6 17. b4 Bh2+ 18. Kh1 Bf4 19. g3 Bxe3 20. Qxe3 Qe5
21. Qb3 Kh8 22. b5 Rc7 23. Bc6 Nf6 24. Qd3 Re7 25. f4 Qe6 26. f5 Qe5 27. Rc4
Nh5 28. Kg2 g6 29. Qf3 Rg8 30. fxg6 Rxg6 31. g4 Nf4+ 32. Kg1 Rh6 33. Rd5 Qa1+
34. Qd1 Nxh3+ 35. Kg2 Qxa2+ 36. Rc2 Qa3 37. Qd2 Nf4+ 38. Qxf4 Qh3+ 39. Kg1 Qh1+
40. Kf2 Qh2+ 41. Qxh2 Rxh2+ 42. Ke3 Rxc2 43. Kf4 Rf2+ 44. Kg3 Ra2 45. Kf4 Ra3
46. Kg5 Kg7 47. Kf4 a6 48. bxa6 Rxa6 49. Rg5+ Kh8 50. Kf5 Ra1 51. Kf6 Rc7 52.
Bb5 c4 53. Rd5 Rf1+ 54. Ke5 c3 55. Bxf1 c2 0-1

[Event "3rd Poland-Ukraine Academic Match"]
[Site "Katowice, POL"]
[Date "2014.10.09"]
[Round "3.3"]
[White "Gerasimenyk, Mikhail"]
[Black "Paszewski, Mateusz"]
[Result "1/2-1/2"]
[WhiteElo "2176"]
[BlackElo "2148"]
[PlyCount "88"]
[EventDate "2014.10.07"]
[EventType "match"]
[EventRounds "4"]
[EventCountry "POL"]

1. d4 f5 2. e4 fxe4 3. f3 e3 4. Bxe3 Nf6 5. Nc3 e6 6. Qd2 Bb4 7. Nge2 Qe7 8.
O-O-O Nd5 9. Bf2 Nc6 10. Kb1 Nxc3+ 11. Nxc3 O-O 12. h4 d5 13. h5 Bd7 14. Bd3
Bxc3 15. Qxc3 Qb4 16. Bg3 Qxc3 17. bxc3 Rac8 18. Rde1 Rf7 19. Rh4 Ne7 20. Be5
Nc6 21. Bg3 Ne7 22. h6 g6 23. Be5 c5 24. dxc5 Rxc5 25. Rb4 b6 26. Bd6 Rxc3 27.
Rf4 Rxf4 28. Bxf4 Kf7 29. Be5 Rc8 30. Rh1 Nc6 31. Bb2 e5 32. Re1 Re8 33. Bb5 d4
34. c3 dxc3 35. Bxc3 Nb8 36. Rxe5 Rxe5 37. Bxe5 Bxb5 38. Bxb8 a6 39. f4 Ke6 40.
Kc2 Bf1 41. g3 Kd5 42. Kd2 Ke4 43. g4 Bc4 44. a3 Be6 1/2-1/2

[Event "3rd Poland-Ukraine Academic Match"]
[Site "Katowice, POL"]
[Date "2014.10.09"]
[Round "3.5"]
[White "Kalinina, Olga"]
[Black "Botor, Michalina"]
[Result "1-0"]
[WhiteElo "2259"]
[BlackElo "1818"]
[PlyCount "93"]
[EventDate "2014.10.07"]
[EventType "match"]
[EventRounds "4"]
[EventCountry "POL"]

1. e4 c6 2. Nc3 d5 3. Nf3 Bg4 4. h3 Bxf3 5. Qxf3 e6 6. d3 Nd7 7. Bd2 Bd6 8. g4
Qb6 9. O-O-O Ne7 10. h4 Ne5 11. Qg2 O-O-O 12. f4 Nd7 13. e5 Bb8 14. Qe2 g6 15.
h5 g5 16. f5 Bxe5 17. fxe6 fxe6 18. Bxg5 Rde8 19. Bh3 Qb4 20. d4 Bxd4 21. a3
Qb6 22. Na4 Qb5 23. Qxb5 cxb5 24. Rxd4 bxa4 25. Bh6 Nc6 26. Rf4 Rhg8 27. g5
Nce5 28. Re1 Kc7 29. Rf2 Kd6 30. Rfe2 Rc8 31. Kb1 Rc4 $11 32. Re3 Rh4 33. Bf1
Re8 34. Bg7 Nc4 35. Rh3 Rxh3 36. Bxh3 Nd2+ 37. Kc1 Nf3 38. Re3 Nxg5 39. Bg2 Nf7
40. Bf1 Nde5 41. h6 Ng6 42. Bb5 Rc8 43. Bxa4 Rc4 44. Be8 Nfe5 45. b3 Rh4 46.
Rg3 Rg4 47. Rxg4 1-0

[Event "3rd Poland-Ukraine Academic Match"]
[Site "Katowice, POL"]
[Date "2014.10.09"]
[Round "3.6"]
[White "Brozek, Ewa"]
[Black "Antoshkiv, Anastasiya"]
[Result "1/2-1/2"]
[WhiteElo "1715"]
[BlackElo "1827"]
[PlyCount "34"]
[EventDate "2014.10.07"]
[EventType "match"]
[EventRounds "4"]
[EventCountry "POL"]

1. e4 c5 2. Nc3 Nc6 3. f4 d6 4. Nf3 Bg4 5. Bb5 e6 6. d3 Nf6 7. O-O Be7 8. Bxc6+
bxc6 9. Qe1 O-O 10. e5 Nd5 11. Ne4 Nb4 12. Qd2 d5 13. Ng3 d4 14. a3 Nd5 15. Qf2
Rb8 16. h3 Bxf3 17. Qxf3 Qc7 $11 1/2-1/2

[Event "3rd Poland-Ukraine Academic Match"]
[Site "Katowice, POL"]
[Date "2014.10.09"]
[Round "3.7"]
[White "Golubka, Petr"]
[Black "Sadzikowski, Daniel"]
[Result "1/2-1/2"]
[WhiteElo "2389"]
[BlackElo "2496"]
[PlyCount "79"]
[EventDate "2014.10.07"]
[EventType "match"]
[EventRounds "4"]
[EventCountry "POL"]

1. c4 e5 2. Nc3 Nc6 3. Nf3 Nf6 4. e3 Bb4 5. Qc2 O-O 6. Nd5 Re8 7. Bd3 g6 8. O-O
Bf8 9. Nxf6+ Qxf6 10. Be4 Qd8 11. a3 Bg7 12. c5 a5 13. b3 d5 14. cxd6 cxd6 15.
Bxc6 bxc6 16. Bb2 c5 17. d3 f5 18. b4 axb4 19. axb4 Rxa1 20. Rxa1 cxb4 21. Qb3+
Be6 22. Qxb4 $11 Qb8 23. Qa3 h6 24. Bc3 Qb3 25. Qxb3 Bxb3 26. Ra3 Bf7 27. h3
Rb8 28. Nd2 Bf8 29. Ra6 Be7 30. e4 Kf8 31. Kf1 Be8 32. Ke2 Bb5 33. Ra5 Kf7 34.
f3 Ke6 35. Nc4 Bxc4 36. dxc4 fxe4 37. fxe4 Rc8 38. Ra4 $11 Bh4 39. Bd2 Rf8 40.
Be3 1/2-1/2

[Event "3rd Poland-Ukraine Academic Match"]
[Site "Katowice, POL"]
[Date "2014.10.09"]
[Round "3.8"]
[White "Kanarek, Marcel"]
[Black "Davymuka, Roman"]
[Result "1-0"]
[WhiteElo "2479"]
[BlackElo "2133"]
[PlyCount "139"]
[EventDate "2014.10.07"]
[EventType "match"]
[EventRounds "4"]
[EventCountry "POL"]

1. e4 g6 2. d4 Bg7 3. Nc3 d6 4. f4 Nf6 5. Nf3 O-O 6. Be3 c5 7. dxc5 Qa5 8. Bd3
dxc5 9. Bd2 Qd8 10. Qe2 Nc6 11. e5 Nd5 12. Nxd5 Qxd5 13. c3 b6 14. Ng5 Bb7 15.
h4 Nd8 16. Be4 Qd7 17. h5 Bxe4 18. Qxe4 Qc6 19. Qe2 Ne6 20. Nf3 Rad8 21. f5
gxf5 22. h6 Bh8 23. Rh3 Rfe8 24. O-O-O Qd5 25. Rh5 Nf8 26. Rxf5 e6 27. Rg5+ Ng6
28. c4 Qc6 29. Rf1 Rd7 30. Bc3 Red8 31. Nh4 Qa4 32. Nxg6 fxg6 33. b3 Qc6 34.
Rg3 Rf7 35. Rxf7 Kxf7 36. Rf3+ Kg8 37. g4 Qd7 38. g5 Qe7 39. Qe3 Qd7 40. Kb2
Qc7 41. Qf4 Qe7 42. Rf1 Qd7 43. Rf2 Qe7 44. Qg4 Rd7 45. Kc2 Rd8 46. Kb2 Rd7 47.
Qg2 Rd8 48. Qc6 Qd7 49. Qf3 Qc7 50. Qe3 Qe7 51. Qh3 Qe8 52. Qg2 Qe7 53. Rd2
Rxd2+ 54. Qxd2 Qc7 55. Qf4 a5 56. Qe4 Kf7 57. Ka3 Ke7 58. Qa8 Bxe5 59. Bxe5
Qxe5 60. Qb7+ Kd8 61. Qg7 Qxg5 62. Qg8+ Kd7 63. Qxh7+ Kc6 64. Qh8 Kb7 65. Qg7+
Ka6 66. h7 Qd2 67. Qxg6 Qc1+ 68. Ka4 Qc3 69. a3 Qf3 70. Qe8 1-0

[Event "3rd Poland-Ukraine Academic Match"]
[Site "Katowice, POL"]
[Date "2014.10.09"]
[Round "3.9"]
[White "Panchyshyn, Taras"]
[Black "Warakomski, Tomasz"]
[Result "1-0"]
[WhiteElo "2141"]
[BlackElo "2462"]
[PlyCount "89"]
[EventDate "2014.10.07"]
[EventType "match"]
[EventRounds "4"]
[EventCountry "POL"]

1. d4 d5 2. c4 Bf5 3. cxd5 Bxb1 4. Qa4+ c6 5. Rxb1 Qxd5 6. e3 Nd7 7. a3 Ngf6 8.
Nf3 Qf5 9. Ra1 e5 10. Be2 Bd6 11. O-O O-O 12. dxe5 Nxe5 13. Nd4 Qc8 14. Qc2 Re8
15. Rd1 Qc7 16. h3 Rad8 17. Bd2 Qc8 18. Rac1 $11 Bb8 19. b4 Qc7 20. Kf1 Ned7
21. Nf3 Ne4 22. Be1 Ndf6 23. Rxd8 Qxd8 24. Rd1 Qc7 25. Bc4 a6 26. Bc3 Nxc3 27.
Qxc3 h6 28. Bb3 Ba7 29. Qd3 a5 30. Nh4 axb4 31. axb4 Qh2 32. Qg6 Nd5 33. Bxd5
cxd5 34. Qg4 h5 35. Qd7 Re4 36. Qc8+ Kh7 37. Qf5+ Kg8 38. Rxd5 Re8 39. Rd7 Rf8
40. Qd5 Qh1+ 41. Ke2 Qb1 42. Nf5 Qb2+ 43. Kf3 g6 44. Rxb7 Bb8 45. Qd4 1-0

[Event "3rd Poland-Ukraine Academic Match"]
[Site "Katowice, POL"]
[Date "2014.10.09"]
[Round "3.11"]
[White "Soloviova, Liza"]
[Black "Chlost, Marlena"]
[Result "1-0"]
[WhiteElo "2301"]
[BlackElo "2188"]
[PlyCount "157"]
[EventDate "2014.10.07"]
[EventType "match"]
[EventRounds "4"]
[EventCountry "POL"]

1. Nf3 d5 2. d3 Nf6 3. c3 c5 4. Nbd2 Nc6 5. e4 e6 6. Be2 Be7 7. O-O O-O 8. a3
Qc7 9. b4 Rd8 10. Qc2 a6 11. d4 cxd4 12. cxd4 dxe4 13. Nxe4 Nd5 14. Neg5 g6 15.
Bd2 Nf4 16. Bd1 f6 17. Ne4 f5 18. Nc5 Nxd4 19. Nxd4 Rxd4 20. Qb2 Rd8 21. Rc1
Qd6 22. Bc3 Bg5 23. Bf3 Nd5 24. Rcd1 b6 25. Be5 Qe7 26. Na4 Bb7 27. Bxd5 Bxd5
28. f4 Bh6 29. Bf6 Qc7 30. Bxd8 Rxd8 31. Rc1 Qd6 32. Qf2 Bb3 33. Nxb6 Bg7 34.
Nc8 Qd7 35. Nb6 Qd6 36. Kh1 e5 37. Qc5 e4 38. Nc4 Qd4 39. Ne5 e3 40. Nc6 Qxc5
41. bxc5 Rd2 42. Rfe1 e2 43. Na5 Be6 44. c6 Bb2 45. Rb1 Bc3 46. Nb7 Rc2 47. Nd8
Bxe1 48. Rxe1 Bc8 49. Kg1 a5 50. Nb7 a4 51. Kf2 Rxc6 52. Na5 Rc5 53. Rxe2 Ba6
54. Re5 Rc2+ 55. Kf3 Bd3 56. Ke3 Be4 57. g3 Rc3+ 58. Kd4 Rxa3 59. Re7 Rd3+ 60.
Kc4 a3 61. Ra7 Rd2 62. Nb3 Rc2+ 63. Kd4 a2 64. Ke5 Rc3 65. Nd4 Bb1 66. Kf6 Rc8
67. Ne6 Rb8 68. Rg7+ Kh8 69. Ra7 Kg8 70. Rg7+ Kh8 71. Ra7 Rc8 72. Kg5 Kg8 73.
Kh6 Re8 74. Rg7+ Kh8 75. Rxh7+ Kg8 76. Rg7+ Kh8 77. Ng5 Rf8 78. Nf7+ Rxf7 79.
Rxf7 1-0

[Event "3rd Poland-Ukraine Academic Match"]
[Site "Katowice, POL"]
[Date "2014.10.09"]
[Round "3.14"]
[White "Mroziak, Maciej"]
[Black "Zavgorodniy, Sergiy"]
[Result "1-0"]
[WhiteElo "2321"]
[BlackElo "2429"]
[PlyCount "55"]
[EventDate "2014.10.07"]
[EventType "match"]
[EventRounds "4"]
[EventCountry "POL"]

1. e4 e5 2. Nf3 d6 3. d4 exd4 4. Nxd4 Nf6 5. f3 d5 6. e5 Nfd7 7. f4 c5 8. Nf3
Nb6 9. c3 Nc6 10. Na3 Be7 11. Be3 Bg4 12. Be2 Qd7 13. O-O O-O-O 14. Ng5 Bxe2
15. Qxe2 Bxg5 16. fxg5 d4 17. cxd4 cxd4 18. Bf4 d3 19. Qf2 Qe6 20. Nb5 Kb8 21.
Nd6 Ka8 22. Rad1 Nc4 23. Rxd3 N4xe5 24. Bxe5 Nxe5 25. Ra3 b6 26. Qxb6 Rd7 27.
Rc1 Rb8 28. Qxb8+ 1-0

[Event "3rd Poland-Ukraine Academic Match"]
[Site "Katowice, POL"]
[Date "2014.10.09"]
[Round "3.16"]
[White "Matuszczyk, Przemyslaw"]
[Black "Kulishenko, Artur"]
[Result "1/2-1/2"]
[WhiteElo "2091"]
[BlackElo "1905"]
[PlyCount "88"]
[EventDate "2014.10.07"]
[EventType "match"]
[EventRounds "4"]
[EventCountry "POL"]

1. e4 Nc6 2. Nf3 e5 3. d4 exd4 4. Nxd4 Bb4+ 5. c3 Bc5 6. Be3 Bb6 7. Be2 Nf6 8.
Nd2 d5 9. Nxc6 bxc6 10. Bg5 Qd6 11. Qa4 O-O 12. O-O-O Bd7 13. h3 Rfe8 14. Bd3
c5 15. Qc2 c4 16. Bf1 Nxe4 17. Nxe4 Rxe4 18. Qxe4 dxe4 19. Rxd6 cxd6 20. Bxc4
Bxf2 21. Rf1 e3 22. Bxf7+ Kh8 23. Kd1 Bc6 24. Ke2 Bxg2 25. Rd1 Rf8 26. Rxd6 h6
27. Rd8 Rxd8 28. Bxd8 Bxh3 29. Bh5 Kh7 30. Be7 g6 31. Bf3 g5 32. Bc5 Be6 33.
Be4+ Kg7 34. Bxa7 Bxa2 35. Bxe3 Bxe3 36. Kxe3 Kf6 37. b4 Ke5 38. b5 Bd5 39.
Bxd5 Kxd5 40. c4+ Kc5 41. Kf3 h5 42. Kg3 g4 43. Kf4 Kb6 44. Kg3 Kc5 1/2-1/2

[Event "3rd Poland-Ukraine Academic Match"]
[Site "Katowice, POL"]
[Date "2014.10.09"]
[Round "3.17"]
[White "Zingaylo, Anastasiya"]
[Black "Szczurek, Natalia"]
[Result "0-1"]
[WhiteElo "2054"]
[BlackElo "1733"]
[PlyCount "76"]
[EventDate "2014.10.07"]
[EventType "match"]
[EventRounds "4"]
[EventCountry "POL"]

1. e4 c5 2. c3 d5 3. exd5 Qxd5 4. d4 Nf6 5. Nf3 Bg4 6. Be2 e6 7. O-O Nc6 8. Be3
cxd4 9. cxd4 Be7 10. Nc3 Qd6 11. Qb3 O-O 12. a3 Rfd8 13. Rfd1 Rac8 14. Rac1 Qb8
15. h3 Bh5 16. d5 exd5 17. Nxd5 Nxd5 18. Rxd5 Bxf3 19. Bxf3 Ne5 20. Rxd8+ Rxd8
21. Bxb7 Bf6 22. Bf4 Qd6 23. Qg3 Qd4 24. Ba6 Qxb2 25. Qe3 Ng6 26. Bg3 Bd4 27.
Qe1 Qxa3 28. Bc7 Rd5 29. Bb7 Rf5 30. Bg3 Qxg3 31. Kh1 Bxf2 32. Rc8+ Nf8 33. Qe7
h6 34. Rxf8+ Kh7 35. Rxf7 Qc3 36. h4 Bg3 37. Rxg7+ Qxg7 38. Qe4 Qa1+ 0-1

[Event "3rd Poland-Ukraine Academic Match"]
[Site "Katowice, POL"]
[Date "2014.10.09"]
[Round "3.18"]
[White "Pisarek, Magdalena"]
[Black "Borisenko, Svetlana"]
[Result "0-1"]
[WhiteElo "1674"]
[BlackElo "1733"]
[PlyCount "92"]
[EventDate "2014.10.07"]
[EventType "match"]
[EventRounds "4"]
[EventCountry "POL"]

1. d4 d6 2. c4 g6 3. Nf3 Bg7 4. Nc3 b6 5. Bg5 Bb7 6. Qd2 Nd7 7. e4 c5 8. d5 h6
9. Bf4 Ngf6 10. Bd3 Ng4 11. O-O Nge5 12. Be2 Nxf3+ 13. gxf3 Ne5 14. Kg2 Qd7 15.
Rh1 g5 16. Bg3 O-O-O 17. h4 Rdg8 18. hxg5 hxg5 19. Qxg5 Bf6 20. Rxh8 Rxh8 21.
Qf5 Qxf5 22. exf5 Nd7 23. Rc1 a6 24. b3 Kd8 25. a3 Bd4 26. Ne4 Nf6 27. b4 Nxe4
28. fxe4 Bb2 29. Rb1 Bxa3 30. bxc5 Bxc5 31. f4 Kc7 32. Bf3 a5 33. Bd1 Rd8 34.
Ba4 Rg8 35. Kf3 Ba6 36. Rc1 Rb8 37. Be1 Rh8 38. Bg3 Bc8 39. Bc2 Bd7 40. e5 f6
41. e6 Be8 42. Ra1 Bh5+ 43. Ke4 Bg4 44. Rc1 Rh3 45. Re1 Rxg3 46. Bd3 Bf3# 0-1

[Event "3rd Poland-Ukraine Academic Match"]
[Site "Katowice, POL"]
[Date "2014.10.09"]
[Round "3.19"]
[White "Skliarov, Viktor"]
[Black "Polok, Kacper"]
[Result "0-1"]
[WhiteElo "2327"]
[BlackElo "2213"]
[PlyCount "100"]
[EventDate "2014.10.07"]
[EventType "match"]
[EventRounds "4"]
[EventCountry "POL"]

1. e4 e6 2. d4 d5 3. e5 c5 4. c3 Nc6 5. Nf3 Bd7 6. dxc5 Bxc5 7. Bd3 Nge7 8. Bf4
Ng6 9. Bg3 O-O 10. b4 Bb6 11. b5 Na5 12. h4 f5 13. h5 Nh8 14. Nbd2 Rc8 15. Rc1
Rc5 16. Qe2 Qc7 17. Nb1 d4 18. Bf4 dxc3 19. O-O Rc8 20. Rc2 Qd8 21. Rfc1 Be8
22. h6 Bh5 23. Rxc3 Ng6 24. Be3 Rxc3 25. Rxc3 Rxc3 26. Nxc3 Bxf3 27. gxf3 Bxe3
28. Qxe3 f4 29. Qxa7 Qxd3 30. Qxa5 Qxf3 31. Qd8+ Kf7 32. Qc7+ Ne7 33. hxg7 Qg4+
34. Kf1 f3 35. Nd1 Qd4 36. Ke1 Qd3 37. Nc3 Qc2 38. Qxe7+ Kxe7 39. g8=Q Qxc3+
40. Kd1 Qd3+ 41. Kc1 Qf1+ 42. Kd2 Qxf2+ 43. Kd3 Qe2+ 44. Kd4 Qd2+ 45. Kc5 Qd5+
46. Kb4 Qd4+ 47. Kb3 Qxe5 48. Qxh7+ Kd6 49. b6 Kc6 50. Qc2+ Qc5 0-1

[Event "3rd Poland-Ukraine Academic Match"]
[Site "Katowice, POL"]
[Date "2014.10.09"]
[Round "3.20"]
[White "Piesik, Piotr"]
[Black "Shumilov, Illya"]
[Result "1/2-1/2"]
[WhiteElo "2259"]
[BlackElo "2313"]
[PlyCount "40"]
[EventDate "2014.10.07"]
[EventType "match"]
[EventRounds "4"]
[EventCountry "POL"]

1. Nf3 d5 2. g3 e6 3. Bg2 b5 4. O-O Bb7 5. d3 Nf6 6. Nbd2 c5 7. e4 Nc6 8. Qe2
Be7 9. c3 Qc7 10. Re1 b4 11. exd5 Nxd5 12. c4 Nf6 13. Nb3 O-O 14. Be3 Nd7 15.
d4 cxd4 16. Nfxd4 Nxd4 17. Nxd4 Bxg2 18. Kxg2 Rac8 19. b3 Nc5 20. Rad1 a6
1/2-1/2

[Event "3rd Poland-Ukraine Academic Match"]
[Site "Katowice, POL"]
[Date "2014.10.09"]
[Round "3.21"]
[White "Skliarov, Oleksandr"]
[Black "Barski, Radoslaw"]
[Result "0-1"]
[WhiteElo "2101"]
[BlackElo "2263"]
[PlyCount "90"]
[EventDate "2014.10.07"]
[EventType "match"]
[EventRounds "4"]
[EventCountry "POL"]

1. d4 Nf6 2. c4 g6 3. Nc3 Bg7 4. Nf3 O-O 5. e4 d6 6. Be2 Na6 7. O-O e5 8. Be3
Ng4 9. Bg5 f6 10. Bc1 f5 11. h3 Nf6 12. exf5 e4 13. Ne1 gxf5 14. Nc2 c6 15. d5
c5 16. Bf4 Nc7 17. Ne3 Qe7 18. Kh2 Nd7 19. g3 Ne5 20. f3 Ng6 21. Ng2 Nxf4 22.
Nxf4 e3 23. Bd3 Bd7 24. a4 Rab8 25. Qc2 a6 26. a5 b5 27. axb6 Rxb6 28. Ra2 Qe5
29. Nfe2 Rfb8 30. f4 Qf6 31. Rf3 a5 32. Nd1 a4 33. Rxe3 Na6 34. Rxa4 Nb4 35.
Rxb4 Rxb4 36. Nec3 Qf7 37. Re2 Re8 38. Rxe8+ Qxe8 39. Bxf5 Bxf5 40. Qxf5 Bxc3
41. Qg4+ Bg7 42. f5 h5 43. Qf3 Rxc4 44. f6 Rc2+ 45. Nf2 Qe2 0-1

[Event "3rd Poland-Ukraine Academic Match"]
[Site "Katowice, POL"]
[Date "2014.10.09"]
[Round "3.23"]
[White "Petrova, Irina"]
[Black "Warakomska, Anna"]
[Result "0-1"]
[WhiteElo "2107"]
[BlackElo "2223"]
[PlyCount "80"]
[EventDate "2014.10.07"]
[EventType "match"]
[EventRounds "4"]
[EventCountry "POL"]

1. d4 Nf6 2. Bg5 d5 3. Nd2 Nbd7 4. Ngf3 g6 5. e3 Bg7 6. Bd3 O-O 7. O-O b6 8. c3
Bb7 9. Qe2 Ne4 10. Bf4 Re8 11. Bxe4 dxe4 12. Ng5 e5 13. dxe5 Nxe5 14. Rad1 Qd3
15. Qe1 Qc2 16. Bxe5 Rxe5 17. f4 Rd5 18. c4 Rd7 19. f5 h6 20. f6 hxg5 21. fxg7
Rad8 22. Qf2 f5 23. Qg3 Rxd2 24. Rxd2 Qxd2 25. Qxg5 Rd7 26. Qxg6 Qxe3+ 27. Kh1
Rxg7 28. Qxf5 Qg5 29. Qe6+ Kh7 30. Qh3+ Qh6 31. Qf5+ Qg6 32. Qh3+ Kg8 33. Rd1
Qg4 34. Rd8+ Kf7 35. Rd7+ Ke8 36. Qxg4 Rxg4 37. Rxc7 e3 38. Kg1 Rxg2+ 39. Kf1
e2+ 40. Ke1 Bf3 0-1

[Event "3rd Poland-Ukraine Academic Match"]
[Site "Katowice, POL"]
[Date "2014.10.09"]
[Round "3.24"]
[White "Herok, Michalina"]
[Black "Korniyuk, Mariya"]
[Result "0-1"]
[WhiteElo "1393"]
[BlackElo "2107"]
[PlyCount "106"]
[EventDate "2014.10.07"]
[EventType "match"]
[EventRounds "4"]
[EventCountry "POL"]

1. e4 c6 2. d4 g6 3. e5 Bg7 4. Nf3 d6 5. exd6 Qxd6 6. Bc4 Nf6 7. O-O O-O 8. c3
Nbd7 9. Ne5 Nxe5 10. dxe5 Qxe5 11. h3 Bf5 12. Re1 Qc7 13. Nd2 Rad8 14. Qe2 Rfe8
15. Nf3 Nd5 16. Nh4 Bc8 17. Qe4 b5 18. Bb3 Bb7 19. a4 a6 20. c4 Nf6 21. Qc2 b4
22. c5 a5 23. Bc4 Bc8 24. Bg5 Nd5 25. Qc1 Qa7 26. Be2 Bd4 27. Nf3 Bxc5 28. Bh4
f6 29. b3 Nc3 30. Bc4+ Kg7 31. Qf4 Bd6 32. Qc1 Ba6 33. Bxa6 Qxa6 34. Qe3 e5 35.
Nd2 Bc5 36. Qxc5 Rxd2 37. Kh1 Rd5 38. Qe3 Red8 39. Qf3 R8d6 40. Rac1 Qd3 41.
Qg4 Rd4 42. Qg3 Qxg3 43. Bxg3 Rd2 44. Bh4 Rb2 45. Re3 Rxb3 46. f3 Rb2 47. Be1
Nd1 48. Re4 Nf2+ 49. Bxf2 Rxf2 50. Rec4 Ra2 51. Rxc6 Rxc6 52. Rxc6 Rxa4 53. Rb6
Ra1+ 0-1